Systém centrálního plánovitého řízení základního hospodářského článku v intenzivním způsobu hospodaření Teoreticko-metodická východiska

Salvato in:
Dettagli Bibliografici
Natura: Libro
Lingua:ceco
Pubblicazione: Praha Ústřední ústav národohospodářského výzkumu 1986
Tags: Aggiungi Tag
Nessun Tag, puoi essere il primo ad aggiungerne!!

MARC

LEADER 00000nam a2200000 4500
001 c026644
005 20250526105019.1
041 0 |a cze 
044 |a CZ 
245 1 0 |a Systém centrálního plánovitého řízení základního hospodářského článku v intenzivním způsobu hospodaření  |b Teoreticko-metodická východiska 
264 1 |a Praha  |b Ústřední ústav národohospodářského výzkumu  |c 1986 
300 |a 70 s.